000 00921nab a2200289 4500
003 BR-BrBNA
005 20240814145744.0
008 240710b bl.||||| |||| 00| 0 por d
040 _aBR-BrBNA
_bpor
072 _aM12 ; E40 ; E70
_b8105 ; 8140 ; 8134 ; 8110
100 _aMelo, Janete
245 _aEm busca de experiência
_bPiscicultura
500 _a5 illus.
650 _aPISCICULTURA
650 _aPEIXE DE ÁGUA DOCE
650 _aTAMBAQUI
650 _aTILÁPIA
650 _aCARPA
650 _aPRODUÇÃO PESQUEIRA
650 _aTANQUE
650 _aCAPACITAÇÃO
650 _aCOOPERATIVA
650 _aOESTE DA BAHIA
773 0 _04604
_9317192
_dPalmas - Tocantins Terranova Gráfica e Editora Jornalística Ltda 2005
_o2024-3816
_tCerrado Rural Agronegócios (Brazil)
_x1980-2595
_gv. 4(21) p. 17-18; (Oct 2006)
_wBR2024001938
942 _cAnalítica
999 _c300468
_d300468